000 00747cam a22002653a 4500
001 22451
003 PGUSA
005 20140828083458.0
008 070901s2007||||xxu|||||s|||||000 1 eng d
040 _aPGUSA
_beng
042 _adc
050 4 _aPZ
050 4 _aPS
100 1 _aAlcott, Louisa May,
_d1832-1888
245 1 0 _aJack and Jill
_h[electronic resource] /
_cLouisa May Alcott
260 _bProject Gutenberg,
_c2007
506 _aPublic domain in the USA.
516 _aElectronic text
653 _aFamily life -- Juvenile fiction
653 _aWinter -- Juvenile fiction
653 _aFriendship -- Juvenile fiction
830 0 _aProject Gutenberg
_v22451
856 4 0 _uhttp://www.gutenberg.org/ebooks/22451
942 _cEB
999 _c251706
_d251706